Statistics for 6 Lettered Countries

Click here to take the quiz!

General Stats

  • This quiz has been taken 42 times
  • The average score is 21 of 31

Answer Stats

Answer% Correct
France
88%
Greece
84%
Norway
81%
Sweden
81%
Panama
81%
Israel
78%
Jordan
78%
Canada
75%
Mexico
75%
Russia
75%
Tuvalu
72%
Brazil
72%
Belize
69%
Turkey
69%
Uganda
66%
Poland
66%
Monaco
66%
Zambia
66%
Angola
66%
Taiwan
66%
Kosovo
63%
Rwanda
63%
Bhutan
63%
Latvia
59%
Brunei
56%
Cyprus
53%
Kuwait
53%
Guyana
50%
Malawi
47%
Serbia
44%
Guinea
41%

Score Distribution

Percentile by Number Answered

Percent of People with Each Score

Your Score History

You have not taken this quiz